• 首页
  • 本馆介绍
  • 公告通知
  • 最新文献
  • 馆藏检索
  • 电子资源
  • 读者导购
  • 参考咨询
  • 我的图书馆
  • 登录
  • 详细信息显示
  • 放入我的书架
  • 预约/预借图书
  • 作者相关作品
  • 分类相关作品
  • 丛书相关作品
  • 出版社相关作品

书目信息

  • 表格格式
  • 工作单格式
  • 卡片格式
题名:
空间经济学
    
 
作者: 藤田昌久 著 ;梁琦 主译
分册:  
出版信息: 北京   中国人民大学出版社  2005
页数: 468
开本: 20cm
丛书名: 经济科学前沿译丛
单 册:
中图分类: F207
科图分类:
主题词: 国民经济--经济管理
电子资源:
ISBN: 7-300-06730-1
000 00769nam0 2200229 450
001 0753815641
005 20070930145655.64
010    @a7-300-06730-1@d¥55.00
100    @a20070930d km y0chiy0120 ea
101 0  @achi
200 1  @a空间经济学@Akong jian jing ji xue@e城市、区域与国际贸易@f藤田昌久等著@Fteng tian chang jiu deng zhu@g梁琦主译@Gliang qi zhu yi
210    @a北京@c中国人民大学出版社@d2005
215    @a468@d20cm
225 2  @a经济科学前沿译丛
410  0 @12001 @a经济科学前沿译丛
517 1  @a城市、区域与国际贸易@Acheng shi、qu yu yu guo ji mao yi
606 0  @a国民经济@x经济管理
690    @aF207@v3
701  0 @a藤田昌久@Ateng tian chang jiu@4著
702  0 @a梁琦@Aliang qi@4主译
801  0 @aCN@bPFT@c20070930
905    @a213230@dF207@eg76@f1
    
    空间经济学:城市、区域与国际贸易/藤田昌久等著/梁琦主译.-北京:中国人民大学出版社,2005
    468;20cm.-(经济科学前沿译丛)
    
    
    ISBN 7-300-06730-1:¥55.00
    
●
相关链接 在E读中查询图书 在五车中查询图书 在当当中查询图书 在豆瓣中查询图书


正题名:空间经济学     索取号:F207/g76         预约/预借

序号 登录号 条形码 馆藏地/架位号 状态 备注
1 6503936   265039362   密集书库-海洋学院/ [索取号:F207/g76] 在馆    
唐山师范学院图书馆 欢迎您!
大连网信软件有限公司© 版权所有